[Event "Benidorm Bali op-A"]
[Site "Benidorm"]
[Date "2023.12.02"]
[Round "2"]
[White "Goluch, Piotr"]
[Black "Barbera Estelles, Rosendo"]
[Result "1-0"]
[WhiteElo "2312"]
[BlackElo "2120"]
[PlyCount "73"]
[EventDate "2023.12.01"]
[EventType "swiss"]
[EventRounds "9"]
[EventCountry "ESP"]
[SourceTitle "CB50_2023"]
[SourceDate "2023.12.13"]
[SourceVersion "1"]
[SourceVersionDate "2023.12.13"]
[SourceQuality "1"]

1. d4 Nf6 2. c4 g6 3. Nc3 d5 4. cxd5 Nxd5 5. Bd2 Bg7 6. Rc1 Nb6 7. Nf3 0-0 8. e3 Nc6 9. Bb5 Bd7 10. 0-0 a6 11. Be2 e5 12. d5 Ne7 13. e4 Nbc8 14. Na4 Nd6 15. Nc5 Bc8 16. Qc2 c6 17. Rfd1 cxd5 18. exd5 b6 19. Na4 Bb7 20. Bg5 f6 21. Be3 Rc8 22. Qb3 Rxc1 23. Bxc1 Nec8 24. Be3 b5 25. Nc5 Rf7 26. a4 Qa5 27. axb5 axb5 28. h4 Nb6 29. h5 Qa8 30. Nxb7 Rxb7 31. hxg6 hxg6 32. Bc5 Qd8 33. Nh4 g5 34. Bxd6 Qxd6 35. Nf5 Qd7 36. d6+ Kf8 37. Ne7 1-0

[Event "Benidorm Bali op-A"]
[Site "Benidorm"]
[Date "2022.12.06"]
[Round "4"]
[White "Korneev, Oleg"]
[Black "Barbera Estelles, Rosendo"]
[Result "1-0"]
[WhiteElo "2481"]
[BlackElo "2137"]
[PlyCount "91"]
[EventDate "2022.12.03"]
[EventType "swiss"]
[EventRounds "9"]
[EventCountry "ESP"]
[SourceTitle "CBM 211 Extra"]
[Source "ChessBase"]
[SourceDate "2023.01.31"]
[SourceVersion "1"]
[SourceVersionDate "2023.01.31"]
[SourceQuality "1"]

1. e4 e5 2. Nf3 Nc6 3. Bc4 Nf6 4. d3 Bc5 5. 0-0 0-0 6. Nbd2 d6 7. c3 a6 8. Bb3 h6 9. Re1 Re8 10. Nf1 Ba7 11. Ng3 Be6 12. d4 Bxb3 13. axb3 d5 14. Nxe5 Nxe5 15. dxe5 Rxe5 16. Bf4 Re6 17. e5 Nh7 18. b4 c6 19. Qh5 Qd7 20. Nf5 Nf8 21. Be3 Bxe3 22. Rxe3 Rg6 23. f4 Re8 24. h3 Ne6 25. Qf3 Nf8 26. Nd4 Ne6 27. Nf5 Nf8 28. Nd6 Rxd6 29. exd6 Rxe3 30. Qxe3 Qxd6 31. Re1 Ne6 32. Qe5 Qxe5 33. Rxe5 Kf8 34. g3 Nc7 35. Kf2 Nb5 36. Re2 Nd6 37. g4 Ne4+ 38. Ke3 Ke7 39. Kd4 Kd6 40. c4 Nf6 41. b3 Ne4 42. cxd5 cxd5 43. Rc2 f5 44. Rc8 fxg4 45. hxg4 Nf2 46. Rg8 1-0

[Event "Mislata op rapid"]
[Site "Mislata"]
[Date "2022.08.18"]
[Round "6"]
[White "Salvador Buiza, Victor"]
[Black "Barbera Estelles, Rosendo"]
[Result "1/2-1/2"]
[WhiteElo "1973"]
[BlackElo "2137"]
[PlyCount "87"]
[EventDate "2022.08.15"]
[EventType "swiss (rapid)"]
[EventRounds "8"]
[EventCountry "ESP"]
[SourceTitle "EXT 2024"]
[Source "ChessBase"]
[SourceDate "2023.10.10"]
[SourceVersion "1"]
[SourceVersionDate "2023.10.10"]
[SourceQuality "1"]

1. e4 e5 2. Nf3 Nc6 3. Bc4 Nf6 4. d3 Bc5 5. c3 a6 6. Bb3 h6 7. 0-0 Ba7 8. Be3 0-0 9. Bxa7 Rxa7 10. Re1 d6 11. Nbd2 Nh5 12. Nf1 Nf4 13. Ne3 Ne7 14. d4 Neg6 15. dxe5 dxe5 16. Nd5 Nxd5 17. exd5 Bg4 18. h3 Bxf3 19. Qxf3 Qd6 20. c4 Raa8 21. Rac1 b6 22. Qe3 Nf4 23. Bc2 Rfe8 24. Qd2 Rad8 25. Kh2 c6 26. g3 Ne6 27. Qe3 cxd5 28. cxd5 Qxd5 29. Qxe5 Qxe5 30. Rxe5 Rd2 31. Kg2 Kf8 32. Bb3 Rxb2 33. Rc6 a5 34. Re4 b5 35. Rb6 b4 36. Re5 Ra8 37. Reb5 a4 38. Rb8+ Rxb8 39. Rxb8+ Ke7 40. Bxa4 Nc5 41. Bb3 Nxb3 42. Rxb4 Rxa2 43. Rxb3 Ra6 44. g4 1/2-1/2

[Event "Autonomico-chT"]
[Site "Aragon"]
[Date "2003.??.??"]
[Round "?"]
[White "Barbera Estelles, Rosendo"]
[Black "Corona Gentil, Jose Luis"]
[Result "1-0"]
[WhiteElo "2245"]
[BlackElo "2146"]
[PlyCount "63"]
[EventDate "2003.??.??"]
[EventType "team"]
[EventRounds "9"]
[EventCountry "ESP"]
[SourceTitle "EXT 2007"]
[Source "ChessBase"]
[SourceDate "2006.11.23"]
[SourceVersion "1"]
[SourceVersionDate "2006.11.23"]
[SourceQuality "1"]

1. e4 e5 2. Nf3 Nc6 3. Bb5 Nf6 4. 0-0 d6 5. d4 exd4 6. Nxd4 Bd7 7. Nc3 Be7 8. Bxc6 bxc6 9. Qf3 c5 10. Nb3 0-0 11. Bf4 Ng4 12. h3 Ne5 13. Bxe5 dxe5 14. Nd5 Bd6 15. Qc3 Qg5 16. Rad1 Rab8 17. Nxc7 Bxh3 18. Qxh3 Bxc7 19. Nxc5 Rb4 20. Nd7 Re8 21. Qc3 Rxe4 22. Qxc7 Rg4 23. Nxe5 Rxg2+ 24. Kh1 Rf8 25. Qc6 Rxf2 26. Rxf2 Qh5+ 27. Kg2 Qxd1 28. Qc4 Qd6 29. Nxf7 Qe7 30. Nd6+ Kh8 31. Rxf8+ Qxf8 32. Qc8 1-0

[Event "Autonomico-chT"]
[Site "Aragon"]
[Date "2003.??.??"]
[Round "?"]
[White "Gomez Laosa, Emilio"]
[Black "Barbera Estelles, Rosendo"]
[Result "0-1"]
[WhiteElo "2131"]
[BlackElo "2245"]
[PlyCount "69"]
[EventDate "2003.??.??"]
[EventType "team"]
[EventRounds "9"]
[EventCountry "ESP"]
[SourceTitle "EXT 2007"]
[Source "ChessBase"]
[SourceDate "2006.11.23"]
[SourceVersion "1"]
[SourceVersionDate "2006.11.23"]
[SourceQuality "1"]

1. e4 e5 2. Nf3 Nc6 3. d4 exd4 4. Nxd4 Bc5 5. Be3 Qf6 6. c3 Nge7 7. g3 d5 8. Bg2 Nxd4 9. cxd4 Bb4+ 10. Nc3 Bxc3+ 11. bxc3 dxe4 12. Bxe4 c6 13. 0-0 0-0 14. Rb1 Nd5 15. Qd3 Re8 16. Bd2 Rxe4 17. Qxe4 Bf5 18. Qg2 Bxb1 19. Rxb1 b5 20. Qe4 h6 21. a4 bxa4 22. Ra1 Nb6 23. Bf4 Rc8 24. c4 c5 25. Be5 Qe7 26. Qf4 cxd4 27. Bd6 Qe2 28. c5 Nc4 29. Qxd4 a3 30. Rd1 a2 31. Rc1 Nxd6 32. Qxd6 Qb2 33. Qd1 Rxc5 34. Ra1 Rc7 35. Kh1 0-1

[Event "Mislata op 01st"]
[Site "Mislata"]
[Date "1992.??.??"]
[Round "8"]
[White "Barbera Estelles, Rosendo"]
[Black "Arbouche, Muhamed"]
[Result "0-1"]
[WhiteElo "2260"]
[BlackElo "2260"]
[PlyCount "52"]
[EventDate "1992.08.??"]
[EventType "swiss"]
[EventRounds "9"]
[EventCountry "ESP"]
[SourceTitle "EXT 2000"]
[Source "ChessBase"]
[SourceDate "1999.11.16"]
[SourceVersion "1"]
[SourceVersionDate "1999.11.16"]
[SourceQuality "1"]

1. e4 c5 2. Nc3 Nc6 3. f4 d6 4. Nf3 g6 5. Bc4 Bg7 6. 0-0 e6 7. f5 exf5 8. d3 h6 9. Qe1 Nge7 10. Qh4 Be6 11. Bf4 Bxc4 12. dxc4 g5 13. Qg3 Bxc3 14. bxc3 gxf4 15. Qg7 Rg8 16. Qxh6 fxe4 17. Nd2 f5 18. Rxf4 Kd7 19. Rd1 Rg6 20. Qh3 Kc7 21. Nf1 Ne5 22. Ne3 Qh8 23. Qxh8 Rxh8 24. Nxf5 Nxf5 25. Rxf5 Nf3+ 26. Kf2 Rxh2 0-1

[Event "ESP-ch"]
[Site "Madrid"]
[Date "1992.??.??"]
[Round "8"]
[White "Bellon Lopez, Juan Manuel"]
[Black "Barbera Estelles, Rosendo"]
[Result "1-0"]
[WhiteElo "2435"]
[BlackElo "2260"]
[PlyCount "95"]
[EventDate "1992.11.??"]
[EventType "swiss"]
[EventRounds "9"]
[EventCountry "ESP"]
[SourceTitle "EXT 1998"]
[Source "ChessBase"]
[SourceDate "1997.11.17"]
[SourceVersion "1"]
[SourceVersionDate "1997.11.17"]
[SourceQuality "1"]

1. d4 Nf6 2. Bg5 Ne4 3. Bf4 c5 4. d5 d6 5. f3 Nf6 6. e4 g6 7. Bb5+ Nbd7 8. a4 Bg7 9. c3 a6 10. Bd3 b6 11. Na3 0-0 12. Ne2 Ne8 13. Qd2 Ne5 14. Bc2 b5 15. 0-0 Rb8 16. Rac1 Bd7 17. axb5 axb5 18. Kh1 Rb7 19. Bg3 Qb8 20. b3 Ra7 21. Nb1 Ra2 22. f4 Ng4 23. h3 Ngf6 24. Qe3 Nc7 25. Rfd1 Qb7 26. Bd3 Rfa8 27. c4 bxc4 28. Bxc4 Rb2 29. Nbc3 Nb5 30. Bh4 Nxc3 31. Nxc3 Be8 32. e5 Nd7 33. exd6 exd6 34. Bb5 Rxb3 35. Bc6 Qb8 36. Bxa8 Qxa8 37. Re1 Bxc3 38. Rxc3 Rxc3 39. Qxc3 Nb6 40. Qf6 Nxd5 41. Qxd6 Bc6 42. Rb1 Bb7 43. f5 Ne3 44. Qc7 Bxg2+ 45. Kg1 Qe4 46. Qd8+ Kg7 47. Qf6+ Kh6 48. Qg5+ 1-0

[Event "ESP-ch"]
[Site "Madrid"]
[Date "1992.??.??"]
[Round "2"]
[White "Izeta Txabarri, Felix"]
[Black "Barbera Estelles, Rosendo"]
[Result "1-0"]
[WhiteElo "2445"]
[BlackElo "2260"]
[PlyCount "55"]
[EventDate "1992.11.??"]
[EventType "swiss"]
[EventRounds "9"]
[EventCountry "ESP"]
[SourceTitle "EXT 1998"]
[Source "ChessBase"]
[SourceDate "1997.11.17"]
[SourceVersion "1"]
[SourceVersionDate "1997.11.17"]
[SourceQuality "1"]

1. d4 Nf6 2. Nf3 g6 3. Nc3 d5 4. Bf4 Bg7 5. e3 0-0 6. Be2 b6 7. h4 c5 8. Ne5 Bb7 9. h5 Nbd7 10. hxg6 hxg6 11. Qd2 Ne4 12. Nxe4 dxe4 13. Ng4 Re8 14. Nh6+ Bxh6 15. Rxh6 e5 16. dxe5 Nxe5 17. Qc3 Qd6 18. Bb5 Re7 19. Rd1 Qf6 20. Ke2 Bc8 21. Rdh1 Bg4+ 22. Kf1 Qd6 23. Rh8+ Kg7 24. R1h7+ Kf6 25. Rxa8 c4 26. Qd4 Qb4 27. Bxe5+ Rxe5 28. Rxf7+ 1-0